Normal view
MARC view
- Simitch A. And Warke V
Entry Personal Name
001 - CONTROL NUMBER
- control field: 206216
003 - CONTROL NUMBER IDENTIFIER
- control field: OSt
005 - DATE AND TIME OF LATEST TRANSACTION
- control field: 20240408162707.0
008 - FIXED-LENGTH DATA ELEMENTS
- fixed length control field: 240408|| aca||aabn | a|a d
040 ## - CATALOGING SOURCE
- Original cataloging agency: OSt
- Transcribing agency: OSt
100 ## - HEADING--PERSONAL NAME
- Personal name: Simitch A. And Warke V
670 ## - SOURCE DATA FOUND
- Source citation: Work cat.: (OSt)357707: Simitch A. And Warke V., Language Of Architecture: 26 Principles Every Architect Should Know, 2014